[Event "ICS rated blitz match"]
[Site "204.178.125.65"]
[Date "1999.09.30"]
[Round "?"]
[White "R-172"]
[Black "Hossa"]
[Result "0-1"]
[WhiteElo "2222"]
[BlackElo "2506"]
[Annotator "Fritz 5.32 (20s)"]
[PlyCount "94"]
[EventDate "1999.??.??"]

1. d4 Nf6 2. c4 g6 3. Nc3 d5 4. Qb3 dxc4 5. Qxc4 Bg7 6. e4 O-O 7. Nf3 Nc6 8.
Be2 8... Ne8 $146 {Alles auf d4!} (8... Nd7 9. d5 (9. Be3 Nb6 10. Qc5 Bg4 11.
d5 Nd7 12. Qa3 Bxf3 13. Bxf3 Nd4 14. O-O-O Nxf3 15. gxf3 Nb6 16. Kb1 (16. Qb3
Qd7 17. h4 h5 18. f4 e6 19. dxe6 Qxe6 20. Qxe6 fxe6 21. Rhg1 Kh7 22. Nb5 Rf7
23. Nd4 Re8 24. Nf3 Bh6 25. Ng5+ Bxg5 26. Rxg5 Nc4 27. Rdg1 Rg8 28. Kc2 b6 29.
b3 Nd6 30. f3 30... Rd7 {
Petrosian,T-Botvinnik,M/Moscow 1963/MainBase/[Bulletin]/1-0 (58)}) 16... Nc4
17. Qc5 Nxe3 18. fxe3 Qd7 19. h4 Rfc8 20. f4 c6 21. dxc6 Qxc6 22. Qxc6 Rxc6 23.
e5 f6 24. Rd7 fxe5 25. Nd5 Kh8 26. Nxe7 Rb6 27. Nd5 27... Rc6 {
- Chernin,A-Gavrikov,V/Vilnius 1985/URS-ch (27)}) 9... Nde5 10. Nxe5 Nxe5 11.
Qb3 e6 12. O-O exd5 13. exd5 Qh4 (13... c6 14. Be3 cxd5 15. Nxd5 Be6 16. Rfd1
b6 17. Qb5 Qh4 18. Nc7 a6 19. Qxb6 Rab8 20. Qxa6 Bc8 21. Qa5 Rxb2 22. Qe1 Bb7
23. Nd5 Re8 24. h3 Nc4 25. Bf3 Na3 26. Qa5 Nc2 27. Rab1 Nxe3 28. fxe3 Bxd5 29.
Bxd5 Rxb1 30. Rxb1 Rxe3 31. Bc4 Be5 32. Rf1 32... Rxh3 {
0-1 Janjgava,L-Khenkin,I/Borzhomi 1988/EXT 97 (32)}) 14. Be3 c6 15. Rad1 a5 16.
dxc6 bxc6 17. Bc5 Re8 18. Qa4 Qxa4 19. Nxa4 Bf5 20. b3 h5 21. h3 Rad8 22. Bb6
Rxd1 23. Rxd1 {Eingorn,V-Gavrikov,V/Kiev 1986/URS-ch/1-0 (79)}) (8... e5 9. d5
Nd4 10. Nxd4 exd4 11. Qxd4 c6 12. Qc4 cxd5 13. exd5 Bf5 14. O-O Rc8 15. Qb3 Ne4
16. Nxe4 Bxe4 17. Bf3 Bxf3 18. Qxf3 Qd7 19. Qb3 Rc5 20. Rd1 Rb5 21. Qa4 Rd8 22.
Bg5 f6 23. Be3 {Uhlmann,W-Shamkovich,L/Marianske Lazne 1965/EXT 99/0-1 (40)})
9. Be3 Bg4 10. Rd1 Nd6 11. Qc5 11... f5 $16 (11... Re8 12. O-O $14) 12. e5 {
Raumgewinn} 12... f4 13. Bc1 (13. exd6 $6 13... fxe3 14. fxe3 exd6 15. Qc4+
15... Kh8 $11) 13... Ne8 $18 (13... Rf5 14. Nd5 e6 15. Nxf4 (15. exd6 $143
15... Rxd5 16. Qa3 16... cxd6 $15) 15... Bxf3 16. gxf3 (16. Bxf3 $6 16... Nxe5
17. Bxb7 17... Nxb7 $11) 16... Nxd4 17. Rxd4 Bxe5 18. Bc4 Bxd4 19. Qxd4 Nxc4
20. Qxc4 $14) 14. h3 $16 (14. Ng5 Bh6 15. Qc4+ Kh8 16. Nf7+ Rxf7 17. Qxf7 Qd7
18. Bxg4 18... Qxg4 $18) 14... Bd7 $18 (14... Bh5 15. Ng5 Bxe2 16. Nxe2 $18)
15. Bc4+ Kh8 16. O-O $14 (16. Ng5 $5 $142 16... b6 17. Qa3 $18) 16... b6 17.
Qa3 Na5 18. Bd5 $14 (18. Bd3 18... Bf5 $16) 18... c6 {Befestigt b5} 19. Be4
19... Nc7 $16 (19... Bf5 20. Bxf5 Rxf5 21. b4 $16) 20. b4 $11 (20. d5 $5 $142
20... cxd5 21. Nxd5 $16 (21. Bxd5 $6 21... Nxd5 22. Nxd5 22... Nc4 $14)) 20...
Nb7 $16 (20... Nc4 $5 21. Qb3 21... Be6 $14) 21. b5 Na5 22. bxc6 {
Weiss spielt seinen Trumpf aus} 22... Nxc6 $2 $18 (22... Bxc6 $142 23. d5 23...
Bb7 $16) 23. Rfe1 $16 (23. e6 $5 $142 23... Be8 24. d5 $18) 23... b5 24. Qc5 (
24. Ne2 24... Rc8 $16) 24... Ne6 (24... b4 25. Bxc6 Bxc6 26. d5 $16) 25. Qd5
$14 (25. Qxb5 $5 $142 25... Rb8 26. Qf1 $18 (26. Bxc6 $6 26... Rxb5 27. Bxb5
Bxb5 28. Nxb5 28... a6 $11)) 25... a6 {Kontrolliert b5} (25... Rb8 26. Bb1 $14
(26. Nxb5 $143 26... Nb4 27. Qc4 27... Rxb5 $17)) 26. Qb3 Na5 27. Qb4 Rc8 28.
Nd5 $11 (28. d5 $5 28... Nc5 29. e6 $16) 28... Nc6 29. Qa3 29... a5 {
Ermoeglicht auch b4} 30. Qd3 Be8 31. Bd2 31... b4 {Raumgewinn} 32. Rc1 Bh6 33.
Qa6 33... Bd7 {Schwarz erhaelt starke Initiative} 34. Nb6 34... Ncxd4 {
Schwarz entwickelt Drohungen in der offenen d-Linie} 35. Nxc8 Bxc8 36. Qd3 $4
$15 {danach kann Weiss alle Traeume begraben} (36. Rxc8 $142 36... Qxc8 37.
Qxa5 $16) 36... Nxf3+ 37. gxf3 Qxd3 38. Bxd3 Ng5 (38... Bb7 39. Be4 Bxe4 40.
fxe4 $17) 39. Kg2 $4 $19 (39. Be2 $15 $142 {ist die einzige Rettung}) 39...
Bxh3+ 40. Kh2 Rd8 (40... Nxf3+ $6 41. Kxh3 Rd8 42. Be2 Nxd2 43. Red1 $15) 41.
Bxf4 41... Nxf3+ $1 {macht alles klar} 42. Kxh3 42... Bxf4 $1 {triumphiert} (
42... Rxd3 {ist wenig wert} 43. Bxh6 $1 {zementiert den Vorteil} 43... Nxe1+
44. Kg4 $16) (42... Nxe1 $6 {waere weniger gut} 43. Bxh6 Nxd3 44. Rc7 Nxf2+ 45.
Kh4 $19) 43. Be4 (43. Bb1 Bxc1 44. Rxc1 Nxe5 45. Rc5 $19) 43... Ng5+ 44. Kg4 (
44. Kg2 {aendert nichts mehr} 44... Bxc1 45. Rxc1 45... Nxe4 $19) 44... Bxc1
45. Rxc1 Nxe4 46. f3 (46. Rc2 {hilft auch nicht mehr} 46... Nc3 $19) 46... Nc3
47. a3 Rd4+ (47... Rd4+ 48. f4 h5+ 49. Kg5 Kg7 50. axb4 50... Nd5 $19) (47...
Rd1 $5 {erleichterte Schwarz die Gewinnfuehrung} 48. Rc2 bxa3 49. Rxc3 $19) 0-1

[Event "ICS rated blitz match"]
[Site "204.178.125.65"]
[Date "1999.09.06"]
[Round "?"]
[White "R-172"]
[Black "Hossa"]
[Result "1-0"]
[WhiteElo "2129"]
[BlackElo "2536"]
[PlyCount "125"]
[EventDate "1999.??.??"]

1. d4 d5 2. c4 e6 3. Nc3 Nf6 4. Nf3 Be7 5. Bg5 O-O 6. e3 Nbd7 7. Rc1 Bb4 8.
cxd5 exd5 9. Bd3 c6 10. O-O Re8 11. a3 Be7 12. Ne5 Nxe5 13. dxe5 Ng4 14. Bf4
Bg5 15. Bg3 Nxe3 16. fxe3 Bxe3+ 17. Kh1 Bxc1 18. Qxc1 Re6 19. Qf4 Qe8 20. Qg5
Qe7 21. Qh5 Rh6 22. Qf3 Be6 23. Ne2 Rd8 24. Nd4 c5 25. Nf5 Bxf5 26. Bxf5 Rb6
27. b3 d4 28. Bd3 Re8 29. Bc4 Rf8 30. h3 Rg6 31. Kh2 a5 32. a4 b6 33. Qf5 Rg5
34. Qe4 Rg6 35. Bh4 Qe8 36. Rf5 Kh8 37. Qf4 Kg8 38. g4 Rh6 39. Bg5 Rg6 40. Bh4
h6 41. Bg3 Qe7 42. Qe4 b5 43. axb5 Rb6 44. h4 Qd7 45. Rxf7 Rxf7 46. e6 Rf2+ 47.
Bxf2 Qc7+ 48. Bg3 Qe7 49. Qa8+ Kh7 50. Bd3+ g6 51. Bc4 Rb7 52. Kh3 Ra7 53. Qc8
h5 54. Be5 hxg4+ 55. Kg3 Kh6 56. Qh8+ Qh7 57. Qf8+ Rg7 58. Bf4+ Kh5 59. Be2 g5
60. Bxg4+ Kg6 61. Qf5+ Kh6 62. hxg5+ Rxg5 63. Qxg5# {Hossa checkmated} 1-0

[Event "ICS rated blitz match"]
[Site "204.178.125.65"]
[Date "1999.09.17"]
[Round "?"]
[White "R-172"]
[Black "Hossa"]
[Result "1-0"]
[WhiteElo "2252"]
[BlackElo "2415"]
[PlyCount "87"]
[EventDate "1999.??.??"]

1. d4 e6 2. e4 d5 3. Nc3 Bb4 4. e5 c5 5. a3 Ba5 6. b4 cxd4 7. bxa5 dxc3 8. Qg4
Kf8 9. h4 Nc6 10. Nf3 f6 11. Bf4 Kf7 12. Bd3 Nge7 13. h5 f5 14. Qh3 h6 15. g4
Qxa5 16. g5 Nb4 17. axb4 Qxa1+ 18. Ke2 Qb2 19. gxh6 gxh6 20. Qh4 Ng8 21. Qg3
Qxb4 22. Qg6+ Kf8 23. Rg1 Qe7 24. Bc1 a5 25. Ba3 Qxa3 26. Qg7+ Ke8 27. Qxh8 Kd7
28. Rxg8 Kc7 29. Qxh6 Qb4 30. Qg7+ Kb6 31. h6 Qg4 32. Qxg4 fxg4 33. Nd4 Kc5 34.
Nb3+ Kb6 35. h7 a4 36. Na1 g3 37. fxg3 Kc7 38. h8=Q a3 39. Qg7+ Kc6 40. Qe7 b5
41. Qd6+ Kb7 42. Rg7+ Bd7 43. Rxd7+ Kc8 44. Qc7# {Hossa checkmated} 1-0

[Event "ICS rated blitz match"]
[Site "204.178.125.65"]
[Date "1999.09.30"]
[Round "?"]
[White "R-172"]
[Black "Hossa"]
[Result "1-0"]
[WhiteElo "2212"]
[BlackElo "2516"]
[Annotator "Fritz 5.32 (20s)"]
[PlyCount "91"]
[EventDate "1999.??.??"]

1. d4 Nf6 2. c4 g6 3. Nc3 d5 4. Qb3 dxc4 5. Qxc4 Bg7 6. e4 O-O 7. Nf3 Nc6 8.
Be2 8... Ne8 $146 {Der Druck auf d4 waechst} (8... Nd7 9. d5 (9. Be3 Nb6 10.
Qc5 Bg4 11. d5 Nd7 12. Qa3 Bxf3 13. Bxf3 Nd4 14. O-O-O Nxf3 15. gxf3 Nb6 16.
Kb1 (16. Qb3 Qd7 17. h4 h5 18. f4 e6 19. dxe6 Qxe6 20. Qxe6 fxe6 21. Rhg1 Kh7
22. Nb5 Rf7 23. Nd4 Re8 24. Nf3 Bh6 25. Ng5+ Bxg5 26. Rxg5 Nc4 27. Rdg1 Rg8 28.
Kc2 b6 29. b3 Nd6 30. f3 30... Rd7 {
Petrosian,T-Botvinnik,M/Moscow 1963/MainBase/[Bulletin]/1-0 (58)}) 16... Nc4
17. Qc5 Nxe3 18. fxe3 Qd7 19. h4 Rfc8 20. f4 c6 21. dxc6 Qxc6 22. Qxc6 Rxc6 23.
e5 f6 24. Rd7 fxe5 25. Nd5 Kh8 26. Nxe7 Rb6 27. Nd5 27... Rc6 {
- Chernin,A-Gavrikov,V/Vilnius 1985/URS-ch (27)}) 9... Nde5 10. Nxe5 Nxe5 11.
Qb3 e6 12. O-O exd5 13. exd5 Qh4 (13... c6 14. Be3 cxd5 15. Nxd5 Be6 16. Rfd1
b6 17. Qb5 Qh4 18. Nc7 a6 19. Qxb6 Rab8 20. Qxa6 Bc8 21. Qa5 Rxb2 22. Qe1 Bb7
23. Nd5 Re8 24. h3 Nc4 25. Bf3 Na3 26. Qa5 Nc2 27. Rab1 Nxe3 28. fxe3 Bxd5 29.
Bxd5 Rxb1 30. Rxb1 Rxe3 31. Bc4 Be5 32. Rf1 32... Rxh3 {
0-1 Janjgava,L-Khenkin,I/Borzhomi 1988/EXT 97 (32)}) 14. Be3 c6 15. Rad1 a5 16.
dxc6 bxc6 17. Bc5 Re8 18. Qa4 Qxa4 19. Nxa4 Bf5 20. b3 h5 21. h3 Rad8 22. Bb6
Rxd1 23. Rxd1 {Eingorn,V-Gavrikov,V/Kiev 1986/URS-ch/1-0 (79)}) (8... e5 9. d5
Nd4 10. Nxd4 exd4 11. Qxd4 c6 12. Qc4 cxd5 13. exd5 Bf5 14. O-O Rc8 15. Qb3 Ne4
16. Nxe4 Bxe4 17. Bf3 Bxf3 18. Qxf3 Qd7 19. Qb3 Rc5 20. Rd1 Rb5 21. Qa4 Rd8 22.
Bg5 f6 23. Be3 {Uhlmann,W-Shamkovich,L/Marianske Lazne 1965/EXT 99/0-1 (40)})
9. Be3 Bg4 10. Rd1 Nd6 11. Qc5 11... f5 $16 (11... Re8 12. O-O $14) 12. e5 {
Raumvorteil} 12... f4 13. Bc1 (13. exd6 $6 13... fxe3 14. fxe3 exd6 15. Qc4+
15... Kh8 $11) 13... Ne8 $18 (13... Rf5 14. Nd5 e6 15. Nxf4 (15. exd6 $143
15... Rxd5 16. Qa3 16... cxd6 $15) 15... Bxf3 16. gxf3 (16. Bxf3 $6 16... Nxe5
17. Bxb7 17... Nxb7 $11) 16... Nxd4 17. Rxd4 Bxe5 18. Bc4 Bxd4 19. Qxd4 Nxc4
20. Qxc4 $14) 14. h3 $16 (14. Ng5 Bh6 15. Qc4+ Kh8 16. Nf7+ Rxf7 17. Qxf7 Qd7
18. Bxg4 18... Qxg4 $18) 14... Bd7 $18 (14... Bh5 15. Ng5 Bxe2 16. Nxe2 $18)
15. Bc4+ Kh8 16. Ng5 f3 (16... b6 17. Qa3 $18) 17. gxf3 b6 18. Qd5 {
Droht Matt: Qg8} 18... e6 19. Qe4 (19. Nxe6 $6 19... Bxe6 20. Qxc6 Bxc4 21.
Qxc4 21... Rxf3 $18) 19... Qc8 20. h4 Nd8 (20... Rf5 21. h5 gxh5 22. Rxh5 $18)
21. h5 Bc6 22. Qg4 b5 23. Bb3 gxh5 (23... h6 {
wuerde die Partie noch etwas verlaengern} 24. hxg6 24... Bd7 $18) 24. Rxh5 $18
(24. Qxh5 Be4 25. Ncxe4 Bh6 26. Qxh6 Rf7 27. Nxh7 Kg8 28. Rg1+ Rg7 29. Nhf6+
Kf8 30. Qh8+ Rg8 31. Qxg8+ Ke7 32. Qxe8#) 24... h6 25. Nce4 (25. Qh3 Qd7 26.
Rxh6+ Kg8 27. Rxe6 Rf7 28. Qh7+ 28... Kf8 $18) 25... Bd5 26. Qh4 (26. Nh3 $5
$142 {und Weiss haette es noch leichter} 26... Rf5 27. Bxd5 exd5 28. Rxf5 28...
dxe4 $18) 26... Kg8 27. Rxh6 {
Die Oeffnung der h-Linie verschafft Weiss Drohungen} (27. Nxe6 Qxe6 (27... Bxe6
28. Bxh6 Rf5 29. Qe7 Rxh5 30. Qxe8+ Kh7 31. Qxh5 Bxh6 32. Ng5+ Kg7 33. Bxe6 $18
) 28. Bxh6 Bxb3 29. Bxg7 Nxg7 (29... Rxf3 30. Rh8+ Kf7 31. Ng5+ Ke7 32. Nxe6+
Kxe6 33. d5+ Bxd5 34. Rxe8+ Kd7 35. Rxd8+ Rxd8 36. Rxd5+ Kc6 37. Qxd8 Re3+ 38.
Kf1 a6 39. Rd7 Re1+ 40. Kxe1 b4 41. Qxc7+ Kb5 42. Rd5+ Ka4 43. Qa5#) (29...
Bxd1 $4 {waere ein grober Fehler} 30. Rh8+ Kf7 31. Ng5+ Ke7 32. Bxf8+ Kd7 33.
Nxe6 Nxe6 34. Qe7+ Kc6 35. Qxe6+ Kb7 36. Kxd1 $18) 30. Rh8+ Kf7 31. Ng5+ Ke8
32. Nxe6 32... Bxe6 $18) 27... Bxh6 28. Qxh6 {Mit der Mattdrohung Qh7} 28...
Qd7 29. Nc5 (29. Nf6+ $142 {und Weiss ist direkt am Ziel} 29... Nxf6 30. exf6
Bxb3 31. Qg6+ (31. axb3 $143 31... Rxf6 32. Qxf6 Qg7 33. Qxg7+ 33... Kxg7 $18)
31... Kh8 32. axb3 Rxf6 33. Qxf6+ Qg7 34. Qxg7+ Kxg7 35. Bf4 $18) 29... Qg7 30.
Qh5 Bxb3 (30... Qh8 31. Qg6+ Qg7 32. Qd3 $18) 31. axb3 (31. Nxb3 $6 31... Rb8
$18) 31... Qe7 (31... Rf7 32. Ke2 32... Re7 $18) 32. Ke2 c6 (32... Qg7 {
aendert den traurigen Lauf der Dinge nicht} 33. Ncxe6 Nxe6 34. Nxe6 $18) 33.
Rg1 (33. Rh1 {damit wuerde Weiss es sich noch erleichtern} 33... Qg7 34. Ngxe6
Nxe6 35. Nxe6 35... Rc8 $18) 33... Qg7 34. Nh3 (34. Rg4 $142 {
liesse Schwarz keine Chance} 34... a5 $18) 34... Qxg1 35. Nxg1 Ng7 36. Qg6 Rf5
37. Bh6 {Droht Matt} 37... Rf7 {Weiss darf nun die Drohung Kf8 nicht uebersehen
} 38. Nh3 {Droht Matt} 38... a5 (38... Kf8 {hilft auch nicht mehr} 39. Ng5 Ke7
40. Nxf7 Nh5 41. Bg5+ Kf8 42. Nd7+ Ke8 43. Nd6+ Kxd7 44. Qh7+ Ng7 45. Qxg7+ Nf7
46. Qxf7#) 39. Ng5 Kf8 40. Nxf7 Ke7 (40... Nxf7 {
aendert nichts am Ausgang der Partie} 41. Qxg7+ Ke7 42. Bg5+ Ke8 43. Qg8#) 41.
Nxd8 (41. Qf6+ Kf8 42. Qxg7+ Ke7 43. Qf8#) 41... Kxd8 42. Qxg7 Ra7 43. Nxe6+ (
43. Bg5+ Kc8 44. Qf8+ Kc7 45. Qd8#) 43... Ke8 44. Qxa7 a4 (44... b4 {
waere gleichermassen fruchtlos} 45. Nc5 a4 46. Qd7#) 45. Bg5 axb3 (45... a3 {
macht keinen grossen Unterschied} 46. Qe7#) 46. Qe7# 1-0

[Event "ICS rated blitz match"]
[Site "204.178.125.65"]
[Date "1999.10.17"]
[Round "?"]
[White "R-172"]
[Black "Hossa"]
[Result "0-1"]
[WhiteElo "2462"]
[BlackElo "2507"]
[PlyCount "46"]
[EventDate "1999.??.??"]

1. d4 Nc6 2. Nf3 d5 3. c4 dxc4 4. e4 Nf6 5. e5 Nd5 6. Bxc4 Bg4 7. Nc3 e6 8. O-O
Nb6 9. Bb5 Be7 10. h3 Bf5 11. Be3 a6 12. Bxc6+ bxc6 13. Qe2 O-O 14. Rac1 Ra7
15. Nd2 Nd5 16. Nce4 Rb7 17. b3 Rb8 18. Qxa6 Ra8 19. Qxc6 Rxa2 20. Qc4 Qa8 21.
Nc5 Nxe3 22. fxe3 Rxd2 23. e4 23... Qa2 {R-172 resigns} 0-1

[Event "ICS rated blitz match"]
[Site "204.178.125.65"]
[Date "1999.09.06"]
[Round "?"]
[White "R-172"]
[Black "Hossa"]
[Result "1/2-1/2"]
[WhiteElo "2118"]
[BlackElo "2547"]
[PlyCount "128"]
[EventDate "1999.??.??"]

1. c4 e6 2. Nc3 d5 3. d4 Bb4 4. Nf3 Ne7 5. e3 c5 6. a3 Bxc3+ 7. bxc3 O-O 8. Bd3
cxd4 9. cxd4 dxc4 10. Bxc4 b6 11. O-O Bb7 12. Ne5 Nbc6 13. Qh5 Nxe5 14. Qxe5
Rc8 15. Be2 Qd5 16. Qxd5 Bxd5 17. Ba6 Rc2 18. a4 Bc4 19. Bxc4 Rxc4 20. Ba3 Re8
21. Bxe7 Rxe7 22. g3 Rec7 23. Rfb1 R7c6 24. a5 g6 25. axb6 Rxb6 26. Rxb6 axb6
27. Ra8+ Kg7 28. Rb8 Rc1+ 29. Kg2 Rc6 30. h4 Kf6 31. Kf3 g5 32. hxg5+ Kxg5 33.
Rg8+ Kf6 34. Rh8 Kg7 35. Rb8 h5 36. Ke4 Kg6 37. Rg8+ Kf6 38. Rh8 Kg5 39. Rg8+
Kh6 40. Rf8 Rc7 41. Rb8 Rc6 42. Rb7 Kg6 43. Rb8 Rd6 44. Rg8+ Kf6 45. Rh8 Rd5
46. Rb8 Rb5 47. Rb7 Rb3 48. Kf4 b5 49. Ke4 Rb1 50. Kf4 Rb2 51. Kf3 b4 52. Rb8
b3 53. Rb5 Kg6 54. Rb8 Rb1 55. Rg8+ Kf6 56. Rb8 Kg7 57. Rb7 Kg6 58. Rb8 f5 59.
Rb6 Kf7 60. Rb7+ Kf6 61. Rb6 Kf7 62. Rb7+ Kf6 63. Rb6 Kf7 64. Rb7+ 64... Kf6 {
Game drawn by repetition} 1/2-1/2

[Event "ICS rated blitz match"]
[Site "204.178.125.65"]
[Date "1999.10.02"]
[Round "?"]
[White "R-172"]
[Black "Hossa"]
[Result "0-1"]
[WhiteElo "2264"]
[BlackElo "2471"]
[PlyCount "62"]
[EventDate "1999.??.??"]

1. d4 Nf6 2. c4 e6 3. Nc3 Bb4 4. e3 c5 5. Nf3 Ne4 6. Qc2 d5 7. Bd3 Nf6 8. O-O
O-O 9. dxc5 Nbd7 10. cxd5 Nxc5 11. Rd1 Nxd3 12. Qxd3 Bxc3 13. Qxc3 exd5 14. b3
Bg4 15. Bb2 Qb6 16. Rd4 Bxf3 17. gxf3 Rac8 18. Qd3 Qe6 19. Kg2 Rfe8 20. Rd1 Qe5
21. Rd2 Rc5 22. Rf4 Qg5+ 23. Kf1 Re6 24. Qd4 b6 25. Qd3 Qh6 26. Kg2 Nh5 27. Rg4
Rg6 28. Qd4 Nf6 29. Rg3 Qh5 30. Qf4 Nd7 31. Qd6 31... Rxd6 {R-172 resigns} 0-1

[Event "ICS rated blitz match"]
[Site "204.178.125.65"]
[Date "1999.09.01"]
[Round "?"]
[White "R-172"]
[Black "Hossa"]
[Result "0-1"]
[WhiteElo "2004"]
[BlackElo "2465"]
[PlyCount "66"]
[EventDate "1999.??.??"]

1. d4 Nf6 2. c4 g6 3. Nc3 Bg7 4. e4 d6 5. Nf3 O-O 6. Be2 e5 7. O-O Bg4 8. d5
Nfd7 9. Ne1 Bxe2 10. Qxe2 f5 11. Nd3 Nb6 12. c5 fxe4 13. Qxe4 N6d7 14. cxd6
cxd6 15. Be3 Nf6 16. Qb4 Rf7 17. f3 Na6 18. Qb5 Nc7 19. Qb3 a5 20. a4 Qf8 21.
Rac1 Ra6 22. Bb6 Ncxd5 23. Nxd5 Nxd5 24. Qxd5 Rxb6 25. Qxa5 Ra6 26. Qb5 e4 27.
fxe4 Bd4+ 28. Nf2 Bxf2+ 29. Kh1 Kh8 30. b3 Ra8 31. Qd5 Qe7 32. Rxf2 Rxf2 33.
Qd4+ 33... Qf6 {R-172 resigns} 0-1

[Event "ICS rated blitz match"]
[Site "204.178.125.65"]
[Date "1999.08.30"]
[Round "?"]
[White "R-172"]
[Black "Hossa"]
[Result "1-0"]
[WhiteElo "2107"]
[BlackElo "2533"]
[PlyCount "141"]
[EventDate "1999.??.??"]

1. d4 Nf6 2. c4 e6 3. Nc3 Bb4 4. e3 Ne4 5. Qc2 d5 6. a3 Bxc3+ 7. bxc3 Nd7 8.
Bd3 Ndf6 9. Ne2 O-O 10. f3 Nd6 11. c5 Nde8 12. O-O b6 13. cxb6 axb6 14. e4 Ba6
15. Bxa6 Rxa6 16. Bg5 Qd7 17. a4 c6 18. c4 dxc4 19. Qxc4 Ra5 20. Bd2 Ra7 21.
Bb4 Nd6 22. Qb3 Rb7 23. e5 c5 24. Bc3 Nfe8 25. exd6 Nxd6 26. Rfd1 c4 27. Qb2
Nf5 28. Ng3 Nxg3 29. hxg3 Ra8 30. Qb5 Qd6 31. Qe5 Qd5 32. Qxd5 exd5 33. Rdb1 f6
34. Rb5 Rd7 35. Rxb6 Re8 36. Kf2 Rde7 37. Ra2 Re3 38. Rc2 R3e6 39. a5 Rxb6 40.
axb6 Rb8 41. Rb2 Kf7 42. Ba5 Ke6 43. Rb5 h5 44. Rc5 Ra8 45. b7 Rb8 46. Rc7 Kd6
47. Ke3 g5 48. Kd2 f5 49. Kc3 f4 50. gxf4 gxf4 51. Rg7 Kc6 52. Kb4 Rxb7+ 53.
Rxb7 Kxb7 54. Kc5 Ka6 55. Bd2 h4 56. Kxd5 Kb5 57. Bxf4 c3 58. Ke6 c2 59. d5 Kc4
60. d6 h3 61. gxh3 Kb3 62. d7 Kb4 63. d8=Q c1=R 64. Bxc1 Kc3 65. Qd5 Kb4 66.
Bd2+ Ka3 67. Qc4 Kb2 68. Qc3+ Ka2 69. Qb4 Ka1 70. Bc3+ Ka2 71. Qb2# {
Hossa checkmated} 1-0

[Event "ICS rated blitz match"]
[Site "204.178.125.65"]
[Date "1999.09.20"]
[Round "?"]
[White "R-172"]
[Black "Hossa"]
[Result "0-1"]
[WhiteElo "2296"]
[BlackElo "2341"]
[PlyCount "66"]
[EventDate "1999.??.??"]

1. d4 Nf6 2. c4 g6 3. Nc3 d5 4. Nf3 dxc4 5. e4 c5 6. d5 Bg7 7. Bxc4 O-O 8. h3
e6 9. O-O exd5 10. exd5 Re8 11. Bg5 Nbd7 12. Qd2 Nb6 13. Bb5 Bd7 14. Be2 Bf5
15. Rad1 Qd6 16. b3 Ne4 17. Nxe4 Bxe4 18. Bc4 Bxf3 19. gxf3 Qd7 20. Kg2 Nxc4
21. bxc4 Qa4 22. Rc1 b5 23. cxb5 Qxb5 24. Rfe1 c4 25. d6 c3 26. Qf4 Be5 27. d7
Bxf4 28. dxe8=Q+ Rxe8 29. Rxe8+ Qxe8 30. Bxf4 Qc6 31. Be5 c2 32. Kg3 Qd5 33.
Bf6 33... Qd6+ {R-172 resigns} 0-1

[Event "ICS rated blitz match"]
[Site "204.178.125.65"]
[Date "1999.09.10"]
[Round "?"]
[White "R-172"]
[Black "Hossa"]
[Result "0-1"]
[WhiteElo "2108"]
[BlackElo "2473"]
[PlyCount "60"]
[EventDate "1999.??.??"]

1. d4 Nf6 2. c4 e6 3. Nc3 d5 4. Nf3 Bb4 5. Bg5 Nbd7 6. e3 c5 7. a3 Bxc3+ 8.
bxc3 Qa5 9. Be2 Qxc3+ 10. Kf1 dxc4 11. dxc5 Ne4 12. Bf4 Nexc5 13. Rc1 Qxa3 14.
Bd6 b5 15. Nd4 Qa6 16. Nc2 Nd3 17. Bxd3 Qxd6 18. Be4 Qxd1+ 19. Rxd1 Rb8 20. Nd4
a5 21. Ke2 Rb6 22. Nc6 Bb7 23. Rxd7 Kxd7 24. Ne5+ Ke8 25. Bxb7 Rxb7 26. Ra1 a4
27. Rb1 c3 28. Kd3 b4 29. Nc6 Rd7+ 30. Kc4 30... c2 {R-172 resigns} 0-1

[Event "ICS rated blitz match"]
[Site "204.178.125.65"]
[Date "1999.09.07"]
[Round "?"]
[White "R-172"]
[Black "Hossa"]
[Result "0-1"]
[WhiteElo "2137"]
[BlackElo "2530"]
[PlyCount "74"]
[EventDate "1999.??.??"]

1. d4 d5 2. c4 c6 3. Nf3 Nf6 4. e3 Bg4 5. Nc3 e6 6. h3 Bxf3 7. Qxf3 Bb4 8. Bd2
O-O 9. cxd5 cxd5 10. Bd3 Nc6 11. a3 Be7 12. O-O e5 13. dxe5 Nxe5 14. Qe2 Nxd3
15. Qxd3 Rc8 16. Rfd1 Qd6 17. Nb5 Qb6 18. Bc3 Rfd8 19. Bd4 Bc5 20. Rac1 Bxd4
21. Nxd4 a6 22. Rc2 Rxc2 23. Qxc2 Re8 24. Rc1 a5 25. b3 Qd6 26. Qc5 Qa6 27. Qb5
Qxb5 28. Nxb5 b6 29. Rc6 Rb8 30. Kf1 Ne4 31. Ke2 Nc5 32. Nd4 f6 33. f3 a4 34.
b4 Nb3 35. Nxb3 axb3 36. Kd3 Ra8 37. Rxb6 37... Rc8 {R-172 resigns} 0-1

[Event "ICS rated blitz match"]
[Site "204.178.125.65"]
[Date "1999.09.17"]
[Round "?"]
[White "R-172"]
[Black "Hossa"]
[Result "1/2-1/2"]
[WhiteElo "2260"]
[BlackElo "2407"]
[PlyCount "112"]
[EventDate "1999.??.??"]

1. c4 Nf6 2. Nc3 e5 3. Nf3 Nc6 4. d4 exd4 5. Nxd4 Bb4 6. Bg5 O-O 7. Rc1 Re8 8.
g3 d6 9. Nxc6 bxc6 10. Bg2 Bg4 11. f3 Bh5 12. O-O Bc5+ 13. Kh1 Be3 14. Bxe3
Rxe3 15. Qd2 Qe7 16. Rfe1 Re8 17. Kg1 Qd8 18. Kf2 d5 19. cxd5 cxd5 20. Rcd1 c6
21. Qd4 R3e7 22. e4 Qb6 23. Qxb6 axb6 24. exd5 Rxe1 25. Rxe1 Rxe1 26. Kxe1 Nxd5
27. Nxd5 cxd5 28. Kd2 Bg6 29. Ke3 Bb1 30. a3 f5 31. Kd4 f4 32. gxf4 Ba2 33. Bf1
Bb3 34. Bb5 Kf7 35. Ke5 Ke7 36. f5 d4 37. Kxd4 Kf6 38. Bd3 Ba4 39. b4 Bd7 40.
Kd5 Ke7 41. Bc2 Be8 42. a4 Bd7 43. a5 bxa5 44. bxa5 Kf6 45. a6 Bc8 46. Bd3 Bxa6
47. Bxa6 Kxf5 48. Bd3+ Kf4 49. Be4 g5 50. Ke6 g4 51. fxg4 Kxe4 52. g5 Kf4 53.
Kf6 Kg4 54. h3+ Kxh3 55. Kg7 Kg4 56. Kxh7 56... Kxg5 {
Game drawn because neither player has mating material} 1/2-1/2

[Event "ICS rated blitz match"]
[Site "204.178.125.65"]
[Date "1999.09.25"]
[Round "?"]
[White "R-172"]
[Black "Hossa"]
[Result "1-0"]
[WhiteElo "2162"]
[BlackElo "2408"]
[PlyCount "70"]
[EventDate "1999.??.??"]

1. e4 e6 2. d4 d5 3. Nc3 Nf6 4. e5 Nfd7 5. f4 c5 6. Nf3 cxd4 7. Nxd4 a6 8. Be3
Bb4 9. Bd3 O-O 10. O-O Nc5 11. Nce2 f6 12. exf6 Rxf6 13. c3 Nxd3 14. Qxd3 Bd6
15. Nf3 Nc6 16. Bd4 Rf5 17. Ne5 Bxe5 18. fxe5 Nxe5 19. Qg3 Rxf1+ 20. Rxf1 Ng6
21. Nf4 Qe8 22. Nxg6 Qxg6 23. Qc7 h6 24. Qd8+ Kh7 25. h3 b5 26. Rf8 Qb1+ 27.
Kh2 Bb7 28. Rh8+ Kg6 29. Qe7 Qh1+ 30. Kxh1 e5 31. Rxa8 Bc8 32. Rxc8 exd4 33.
Rc6+ Kh7 34. cxd4 b4 35. Rc7 35... Kg6 {Hossa resigns} 1-0

[Event "ICS rated blitz match"]
[Site "204.178.125.65"]
[Date "1999.09.17"]
[Round "?"]
[White "R-172"]
[Black "Hossa"]
[Result "0-1"]
[WhiteElo "2256"]
[BlackElo "2411"]
[PlyCount "58"]
[EventDate "1999.??.??"]

1. d4 d5 2. c4 c6 3. Nf3 Nf6 4. Qc2 e6 5. b3 Bb4+ 6. Bd2 a5 7. e3 Na6 8. a3 Bd6
9. Bd3 a4 10. c5 axb3 11. Qxb3 Bc7 12. O-O O-O 13. Ne5 Bxe5 14. dxe5 Nxc5 15.
Qc2 Nxd3 16. exf6 Qxf6 17. Bc3 Qg6 18. Nd2 e5 19. Nf3 Bg4 20. Kh1 Bxf3 21. gxf3
Qf5 22. Qe2 Rfd8 23. e4 Nf4 24. exf5 Nxe2 25. Bxe5 Re8 26. Bb2 c5 27. Rfd1 Rad8
28. Rab1 c4 29. Ba1 29... c3 {R-172 resigns} 0-1

[Event "ICS rated blitz match"]
[Site "204.178.125.65"]
[Date "1999.09.07"]
[Round "?"]
[White "R-172"]
[Black "Hossa"]
[Result "0-1"]
[WhiteElo "2143"]
[BlackElo "2524"]
[PlyCount "52"]
[EventDate "1999.??.??"]

1. d4 d5 2. c4 c6 3. Nf3 Nf6 4. e3 Bg4 5. Nc3 e6 6. h3 Bxf3 7. Qxf3 Bb4 8. Bd2
O-O 9. Bd3 Nbd7 10. a3 Bxc3 11. Bxc3 c5 12. O-O cxd4 13. Bxd4 e5 14. cxd5 exd4
15. e4 Re8 16. Rad1 Ne5 17. Qg3 Nxd3 18. Rxd3 Nxe4 19. Qf4 Qxd5 20. Rfd1 Rad8
21. Rxd4 Qxd4 22. Rxd4 Rxd4 23. Qe3 Rd2 24. b4 b6 25. f3 Rd1+ 26. Kh2 26...
Rh1+ {R-172 resigns} 0-1